Catalog

Record Details

Catalog Search



Thea Stilton and the lost letters #21 / text by ... Read More

Stilton, Thea,(author.).
Pellizzari, Barbara,(illustrator.). Balleello, Chiara,(illustrator.). ... Read More

Available copies

  • 1 of 2 copies available at LARL/NWRL Consortium.
  • 0 of 1 copy available at Lake Agassiz Regional Library. (Show preferred library)

Current holds

0 current holds with 2 total copies.

Show All Copies
Location Call Number / Copy Notes Barcode Shelving Location Status Due Date
Hallock Public Library j STI (Text) 35500005681984 Main Available -

Record details

  • ISBN: 0545656028
  • ISBN: 9780545656023
  • Physical Description: 159 pages : color illustrations ; 20 cm
  • Publisher: New York, NY : Scholastic Inc., [2015]

Content descriptions

Summary, etc.:
It is up to the Thea sisters to investigate when ... Read More
Subject: Mice > Fiction.
Ice skating > Fiction.
Contests > Fiction.
Stealing > Fiction.
Sisters > Fiction.
Russia (Federation) > Fiction.
Mystery and detective stories.
LDR 02136cam a2200457Ii 4500
001182397
003LARL_NWRL_CONSORTIUM
00520150527161916.0
008141024s2015 nyua j 000 1 eng d
020 . ‡a0545656028
020 . ‡a9780545656023
035 . ‡a(OCoLC)893709870
040 . ‡aYDXCP ‡beng ‡cYDXCP ‡dBTCTA ‡dBDX ‡erda ‡dSINLB
0411 . ‡aeng ‡hita
05014. ‡aPZ7.S86009 ‡bThl 2015
08204. ‡a[Fic] ‡223
1001 . ‡aStilton, Thea, ‡eauthor. ‡0(LARL_NWRL_CONSORTIUM)220782
24510. ‡aThea Stilton and the lost letters ‡n#21 / ‡ctext by Thea Stilton ; illustrations by Barbara Pellizzari and Chiara Balleello (pencils), Valeria Cairoli (base color), and Daniele Verzini (color) ; translated by Emily Clement.
260 . ‡aNew York, NY : ‡bScholastic Inc., ‡c[2015]
300 . ‡a159 pages : ‡bcolor illustrations ; ‡c20 cm
336 . ‡atext ‡2rdacontent
337 . ‡aunmediated ‡2rdamedia
338 . ‡avolume ‡2rdacarrier
4900 . ‡aThea Stilton ; ‡v21
520 . ‡aIt is up to the Thea sisters to investigate when their friend is falsely accused of theft and barred from competing in a figure skating championship in Russia.
650 1. ‡aMice ‡vFiction.
650 1. ‡aIce skating ‡vFiction.
650 1. ‡aContests ‡vFiction.
650 1. ‡aStealing ‡vFiction.
650 1. ‡aSisters ‡vFiction. ‡0(LARL_NWRL_CONSORTIUM)167281
651 1. ‡aRussia (Federation) ‡vFiction. ‡0(LARL_NWRL_CONSORTIUM)168802
650 1. ‡aMystery and detective stories. ‡0(LARL_NWRL_CONSORTIUM)176113
7001 . ‡aPellizzari, Barbara, ‡eillustrator.
7001 . ‡aBalleello, Chiara, ‡eillustrator.
7001 . ‡aClement, Emily, ‡etranslator.
901 . ‡a182397 ‡bOCLC ‡c182397 ‡tbiblio

Additional Resources